000 00930nam a22002777a 4500
001 BR9705557
003 BR-BrBNA
005 20230928095759.0
007 ta
008 230509b bl.||||| |||| 00| 0 por d
040 _aBR-BrBNA
_bpor
_cBiblioteca Nacional de Agricultura
041 _a(Por)
072 _aD50; F03
_b3575
090 _ 3575 BR9705557
110 1 _aSecretaria da Agricultura e Abastecimento, Porto Alegre, RS (Brasil). Depto. da Producao Vegetal
_98309
110 1 _aComissao Estadual de Sementes e Mudas do Estado do Rio Grande do Sul, Porto Alegre (Brasil)
_92074
245 1 _aNormas e padroes de producao de sementes para o Estado do Rio Grande do Sul
260 3 _aPorto Alegre, RS (Brasil):
_c1997.
300 _a140 p.
650 _aSemente
650 _aLegislacao
650 _aCertificacao de Semente
650 _aRio Grande do Sul
909 _a202309
_bLucia
_c55
_dLucia Elande
942 _cBK
999 _c58619
_d58619